00681nam a22002057a 4500003000900000005001700009007000300026008003200029020001900061040002500080082001000105100003300115245011700148260003800265300004200303490003500345504003200380700002800412830003500440DO-SdBNP20211011114330.0ta210224b 2020 dr ac 00| 0 eng d a 9798578604850 aDO-SdBNPbspacBNPHU 4aBNPHU1 aRamírez, Joaquín Alberto10aLenin «voy a pensar inevitablemente en la política» /cJoaquín Alberto Ramírez ; prólogo Luis Simó. aSanto Domingo : b[s. n.],c2020. av, 291 p. : bil., retrs. ; c28 cm. 1 aFortalecimiento institucional  aBibliografía : p. 285-2861 aSimó, Luis, epról. 0aFortalecimiento institucional